[Event "DM Kandidatklassen 2025"]
[Site "Svendborg"]
[Date "2025.04.21"]
[Round "7"]
[White "Iskos, Lukas"]
[Black "Laza, Szabolcs"]
[Result "0-1"]
[WhiteElo "2008"]
[BlackElo "2203"]
[WhiteFideId "1461613"]
[BlackFideId "741345"]
[EventDate "2025.04.15"]
[EventType "swiss"]
[EventRounds "7"]
[EventCountry "DEN"]
[SourceTitle "Live v. Kasper Jerwiarz"]

1. d4 d5 2. Nf3 Nf6 3. Bf4 c5 4. e3 Nc6 5. Nbd2 e6 6. c3 Nh5 7. Bg5 f6 8. Bh4 g6 9. Bd3 Be7 10. O-O O-O 11. Re1 e5 12. dxe5 fxe5 13. Bxe7 Qxe7 14. e4 d4 15. cxd4 cxd4 16. Rc1 Bg4 17. Bb5 Rac8 18. Qb3+ Kh8 19. Qd5 Bxf3 20. Nxf3 Rxf3 21. gxf3 Nf4 22. Kh1 Nxd5 23. exd5 Qb4 24. a4 Ne7 0-1

[Event "DM Kandidatklassen 2025"]
[Site "Svendborg"]
[Date "2025.04.21"]
[Round "7"]
[White "Ostergreen Johansen, Benjamin"]
[Black "Abildlund, Jens"]
[Result "1/2-1/2"]
[WhiteElo "2031"]
[BlackElo "2196"]
[WhiteFideId "1476742"]
[BlackFideId "1403001"]
[EventDate "2025.04.15"]
[EventType "swiss"]
[EventRounds "7"]
[EventCountry "DEN"]
[SourceTitle "Live v. Kasper Jerwiarz"]

1. e4 d6 2. d4 e5 3. Nf3 Nc6 4. Bb5 Bd7 5. O-O Nf6 6. Nc3 exd4 7. Nxd4 Be7 8. Bxc6 bxc6 9. Qf3 O-O 10. e5 Nd5 11. Nxc6 Bxc6 12. Nxd5 Bxd5 13. Qxd5 dxe5 14. Qxe5 1/2-1/2

[Event "DM Kandidatklassen 2025"]
[Site "Svendborg"]
[Date "2025.04.21"]
[Round "7"]
[White "Wahlgreen, Noah Krug"]
[Black "Stovring, Claus"]
[Result "1-0"]
[WhiteElo "2076"]
[BlackElo "2038"]
[WhiteFideId "1457349"]
[BlackFideId "1406914"]
[EventDate "2025.04.15"]
[EventType "swiss"]
[EventRounds "7"]
[EventCountry "DEN"]
[SourceTitle "Live v. Kasper Jerwiarz"]

1. d4 Nf6 2. Nc3 g6 3. e4 d6 4. f4 Bg7 5. Nf3 c6 6. Bd3 O-O 7. O-O Nbd7 8. e5 dxe5 9. dxe5 Nd5 10. Ne4 Qb6+ 11. Kh1 Nc5 12. Nxc5 Qxc5 13. c3 Rd8 14. Qe2 Nxc3 15. Qc2 Na4 16. Bxg6 hxg6 17. Qxa4 Be6 18. Bd2 b5 19. Qb4 Qxb4 20. Bxb4 Rd7 21. a4 Bc4 22. Rfd1 Rxd1+ 23. Rxd1 Bh6 24. Rd4 e6 25. Nd2 Bd5 26. Kg1 a5 27. Bd6 Rc8 28. Ne4 Bxe4 29. Rxe4 Bf8 30. Bxf8 Kxf8 31. Rd4 Rb8 32. b4 Ra8 33. axb5 cxb5 34. bxa5 Rxa5 35. Kf2 Ra2+ 36. Kf3 Rb2 37. Rd8+ Kg7 38. h4 b4 39. Rb8 b3 40. g3 Rb1 41. Kg4 b2 42. Rb7 Kf8 43. Kg5 Kg7 44. g4 Kg8 45. Kh6 Kf8 46. Rb8+ Ke7 47. Kg7 Rf1 48. Rxb2 Rxf4 49. Rb7+ Ke8 50. h5 gxh5 51. gxh5 Rf5 52. h6 Rg5+ 53. Kh8 Rxe5 54. h7 Rg5 55. Rb8+ Ke7 56. Rg8 Rh5 57. Kg7 e5 58. h8=Q Rxh8 59. Rxh8 e4 60. Rh6 f5 61. Rf6 1-0

[Event "DM Kandidatklassen 2025"]
[Site "Svendborg"]
[Date "2025.04.21"]
[Round "7"]
[White "Yildiz, Hasan"]
[Black "Slavensky, Asbjorn Vesterkaer"]
[Result "0-1"]
[WhiteElo "1974"]
[BlackElo "2079"]
[WhiteFideId "1435086"]
[BlackFideId "1470094"]
[EventDate "2025.04.15"]
[EventType "swiss"]
[EventRounds "7"]
[EventCountry "DEN"]
[SourceTitle "Live v. Kasper Jerwiarz"]

1. c4 e5 2. Nc3 Nf6 3. g3 Bc5 4. Bg2 c6 5. e3 d5 6. cxd5 cxd5 7. d4 exd4 8. exd4 Bb6 9. Nge2 O-O 10. O-O h6 11. h3 Nc6 12. Be3 Bf5 13. a3 Qd7 14. Kh2 Rfe8 15. b4 Bc7 16. Qb3 Rad8 17. Nf4 Ne7 18. Rac1 g5 19. Nfe2 Bb8 20. b5 b6 21. a4 Ng6 22. Rh1 Nh4 23. Kg1 Nxg2 24. Kxg2 Ne4 25. Nxe4 Bxe4+ 26. f3 Bxf3+ 27. Kxf3 Qf5+ 28. Kg2 Qe4+ 29. Kf2 Rd6 30. Rhf1 Rf6+ 31. Ke1 Rxf1+ 32. Kxf1 Qf3+ 33. Ke1 Rxe3 34. Rc8+ Kg7 35. Qxe3 Qxe3 36. Rxb8 Qb3 37. Rd8 Qxa4 38. Rxd5 Qa5+ 39. Kf2 a6 40. Re5 axb5 41. g4 Qb4 42. Re3 Qd6 43. Ng3 Qd5 44. Nf5+ Kf6 45. Rd3 h5 46. Ne3 Qe4 47. Ke2 hxg4 48. hxg4 Ke7 49. Kd2 b4 50. d5 Kd7 51. Rb3 f5 52. gxf5 g4 53. f6 g3 54. f7 Qf4 55. Kd3 Ke7 56. Rb2 Kxf7 57. Rd2 Ke7 58. Nc4 Qf3+ 59. Ne3 Qf6 60. Rg2 Qc3+ 61. Ke4 Qe1 62. Rxg3 b3 63. Rg2 Qb1+ 64. Ke5 Qa1+ 65. Ke4 b2 66. d6+ Kd7 67. Rg7+ Kxd6 68. Rg6+ Kc5 69. Rg5+ Kc6 70. Rg6+ Kb7 71. Rg7+ Ka6 0-1

[Event "DM Kandidatklassen 2025"]
[Site "Svendborg"]
[Date "2025.04.21"]
[Round "7"]
[White "Thuesen, Mogens Henrik"]
[Black "Sorensen, Reto Utiger"]
[Result "0-1"]
[WhiteElo "2205"]
[BlackElo "2104"]
[WhiteFideId "1400878"]
[BlackFideId "1426664"]
[EventDate "2025.04.15"]
[EventType "swiss"]
[EventRounds "7"]
[EventCountry "DEN"]
[SourceTitle "Live v. Kasper Jerwiarz"]

1. Nf3 Nf6 2. b3 c5 3. Bb2 Nc6 4. e3 e6 5. Bb5 Be7 6. O-O O-O 7. Re1 Qc7 8. d4 b6 9. dxc5 bxc5 10. e4 d6 11. Nbd2 Bb7 12. e5 dxe5 13. Nxe5 Nd4 14. Bf1 Rfd8 15. Qc1 Nd5 16. c3 Nf5 17. Ndf3 f6 18. Nd3 e5 19. Nd2 Nd6 20. Ba3 Nf7 21. Ne4 Qa5 22. Bxc5 Rac8 23. b4 Qc7 24. Bxe7 Qxe7 25. Ndc5 Ba8 26. a3 f5 27. Ng3 Qf6 28. c4 Nf4 29. Qc2 g6 30. Rad1 Qc6 31. f3 Ng5 32. Re3 Nfh3+ 33. gxh3 Nxf3+ 34. Kf2 f4 35. Re4 Nd4 36. Rdxd4 fxg3+ 37. Kxg3 Rxd4 38. Bg2 Qd6 39. Qe2 Bxe4 40. Nxe4 Qf8 0-1

[Event "DM Kandidatklassen 2025"]
[Site "Svendborg"]
[Date "2025.04.21"]
[Round "7"]
[White "Veiergang, Oscar Jacob"]
[Black "Hansen, Per"]
[Result "1-0"]
[WhiteElo "2156"]
[BlackElo "2089"]
[WhiteFideId "1470183"]
[BlackFideId "1407520"]
[EventDate "2025.04.15"]
[EventType "swiss"]
[EventRounds "7"]
[EventCountry "DEN"]
[SourceTitle "Live v. Kasper Jerwiarz"]

1. e4 g6 2. d4 Bg7 3. Nc3 a6 4. a4 b6 5. Be3 Bb7 6. Qd2 h6 7. Bd3 e6 8. Nf3 d6 9. O-O Ne7 10. Ne2 Nd7 11. Ng3 Nf6 12. h3 d5 13. e5 Ne4 14. Qe1 Nf5 15. Nd2 Nexg3 16. fxg3 Nxe3 17. Qxe3 O-O 18. a5 c5 19. c3 c4 20. Bc2 b5 21. Rf3 Re8 22. Raf1 Rf8 23. Qf2 Qc7 24. b4 Bc6 25. g4 Qe7 26. h4 Rad8 27. g3 Be8 28. Kg2 Rc8 29. Kh3 Rb8 30. Nb1 Rc8 31. Na3 Rb8 32. Bb1 Rc8 33. Nc2 Rb8 34. Ne3 Rc8 35. Kg2 Rb8 36. g5 Rc8 37. gxh6 Bxh6 38. Ng4 Bg7 39. Nf6+ Bxf6 40. Rxf6 Kg7 41. Bxg6 1-0

[Event "DM Kandidatklassen 2025"]
[Site "Svendborg"]
[Date "2025.04.21"]
[Round "7"]
[White "Derlich, Sarah Sima"]
[Black "Petersen, Steen Brustrup"]
[Result "1/2-1/2"]
[WhiteElo "2002"]
[BlackElo "2106"]
[WhiteFideId "1469290"]
[BlackFideId "1402706"]
[EventDate "2025.04.15"]
[EventType "swiss"]
[EventRounds "7"]
[EventCountry "DEN"]
[SourceTitle "Live v. Kasper Jerwiarz"]

1. e4 e5 2. Nf3 Nc6 3. Bc4 Nf6 4. d3 Be7 5. O-O d6 6. a4 O-O 7. Re1 Na5 8. Ba2 c5 9. c3 Nc6 10. Na3 a6 11. Bd2 Rb8 12. Nc2 Be6 13. Bxe6 fxe6 14. d4 exd4 1/2-1/2